Ošetrovanie chorých v domácnosti

Bibliographic Details
Main Authors: Rippa, Blažej Konštantín, 1912-1981 (Author), Lorencová, Otília (Author)
Format: Book
Language:Slovak
PhysicalDescription:26 s. 21 cm
Published: Bratislava Hlavný stan Slovenského Červeného kríža 1944
Subjects:

MARC

LEADER 00000cam a2200000 a 4500
001 vtls008394063
003 SK-MaSNL
005 20260302085348.0
008 200228s1944 xo f 000 0 slo
015 |a SNBA19421945-100/2342 
035 |a SK01SNKBKSD220020086280 
035 |a urn:nbn:sk:snk-am3hy01 
035 |a 5819B30B-53CE-4E62-91D8-B62F772966F0 
035 |a urn:nbn:sk:snk-am00dd0d 
035 |a SKM000088743 
040 |a SNK  |b slo  |c SNK  |e AACR2 
041 0 |a slo 
044 |a xo  |c SK 
080 |a 614  |2 1981 
100 1 |a Rippa, Blažej Konštantín,  |d 1912-1981  |4 aut  |9 124032 
245 1 0 |a Ošetrovanie chorých v domácnosti  |c B. Konštantín Rippa, Otília Lorencová 
260 |a Bratislava  |b Hlavný stan Slovenského Červeného kríža  |c 1944  |e Bratislava  |f Ľudotypia 
300 |a 26 s.  |c 21 cm 
650 0 7 |a ošetrovateľská starostlivosť  |2 SNKPH  |9 63308 
650 0 7 |a domáca starostlivosť  |2 SNKPH  |9 50051 
655 7 |a príručky  |2 SNKPH  |9 74364 
700 1 |a Lorencová, Otília  |4 aut  |9 755575 
958 |a RK 
958 |a TL 
999 |c 1191821  |d 1193751 
952 |a SNK  |b SNK  |y PREZ  |7 0  |p 17A0772592  |o snkSC 6522  |i snk5411/55  |0 0  |1 0  |4 0  |d 2019-05-06  |f 1  |l 0  |r 2025-07-04 00:00:00  |w 2026-02-24